Quizzes
Events
Quiz Creation
Community
Videos
Private Events
Remove Ads
Sign In
Join for FREE
Feedback
Dark Mode
Quiz Categories
Sports
Geography
Music
Movies
Television
Just For Fun
Miscellaneous
History
Literature
Language
Science
Gaming
Entertainment
Religion
Holiday
For Kids
Quiz Lab
Recent
Popular Today
Quiz Kudos Today
Editor Picks
Curator Picks
Quizzes by...
Day
Popularity
Type
Ratings
Length
Year
Community
Subscriptions
Recent Discussions
Orange Saloon
Badges
Playlists
Quests
Create
Leaderboards
Showdown
Live 5
Trivia Bingo
Activity
Puzzle Library
Sporcle Events
Private Events
Virtual Trivia
Globe League
Become a Host
Pub Owners
SporcleCon
Opinionation
Our Games
Videos
Blog
Mobile Apps
Partnerships
Remove Ads and Go Orange
Feedback
Miscellaneous
Crossword
General Knowledge
Baby Names
Logo
Food
Cars
Numbers
Grab Bag
University
College
Popular
Company
Slogans
Restaurants
Justice
Letter
Miscellaneous
Crossword
General Knowledge
Baby Names
Logo
Food
Cars
Numbers
Grab Bag
University
College
Popular
Company
Slogans
Restaurants
Justice
Letter
Random Quiz
Search Sporcle
×
Quiz Lab
Quiz Lab
Miscellaneous
Company
Type in answers that appear in a list
Type in answers that appear in a list
Classic
Best Score? Go Orange.
Molson Coors/MillerCoors brands Stats
Can you name the Molson Coors/MillerCoors brands?
By
feelyjl07
7m
51 Questions
27 Plays
27 Plays
27 Plays
Comments
Comments
Give Quiz Kudos
Give Quiz Kudos
-
- Ratings
hide this ad
Replay
Link that replays current quiz
Next Quiz
Link to next quiz in quiz playlist
You Got
0%
They Got
Avg Score
16%
Avg Friend Score
Upgrade to see
Score Distribution
Jump to the score distribution portion of the page
Score
0/51
Timer
07:00
0
Plays Today
Answer
% Correct
Coors Light
88.9%
Coors Banquet
88.9%
Coors NA
88.9%
Miller Lite
63%
Miller High Life
59.3%
Miller High Life Light
59.3%
Molson Canadian
29.6%
Keystone Light
25.9%
Miller Genuine Draft
25.9%
Blue Moon
22.2%
Redd's
18.5%
Redd's Wicked
18.5%
Henry's Hard Soda
14.8%
Henry's Hard Sparkling
14.8%
Milwaukee's Best
14.8%
Hamm's
14.8%
George Killian's
14.8%
Henry Weinhard's
14.8%
Miller 64
14.8%
Red Dog
14.8%
Peroni
11.1%
Pilsner Urquell
11.1%
Crispin
11.1%
Steel Reserve
11.1%
Icehouse
11.1%
Mickey's
11.1%
Answer
% Correct
Third Shift
11.1%
Zima
11.1%
Saint Archer
7.4%
Terrapin
7.4%
Foster's
7.4%
Smith and Forge
7.4%
Leinekugel's
3.7%
Revolver
3.7%
Colorado Native
3.7%
Grolsch
3.7%
Fortune
3.7%
Sharp's
3.7%
Sparks
3.7%
Tyskie
3.7%
Aguila
0%
Barmen
0%
Cristal
0%
Cusqueña
0%
Extra Gold
0%
Herman Joseph's Private Reserve
0%
Lech
0%
Magnum
0%
Old Vienna
0%
Olde English 800
0%
Zumbida Mango
0%
Quiz Playlist
Details
Report
Send in Message
Add To Playlist
Classic:
Type in answers that appear in a list
Last Updated: Aug 13, 2017
Quiz Scoreboard
CHALLENGE
Sign Up to Join the Scoreboard
Show All
Scores
Hide
Comments
May contain spoilers
Recently Published
Street Fighter Characters
by Artimus82
Gaming
60s
9x9 Crossword: Cartoon Network
by jackfrog10
Miscellaneous
3m
College Basketball Coaching Resumes
by pancakes188
Sports
9m
More to Explore
Quiz From the Vault
Featured Blog Post
Where Did the Easter Bunny Come From?
hide this ad
You Might Also Like...
Tags
Company Quiz
alcohol
Beer
Beer Brands
brand
Brand Names
Drink
Food and Drink
Largest Companies
Liquor Brands
Miller
US Companies
Today's Top Quizzes in Miscellaneous
Browse Miscellaneous
hide this ad
Today's Top Quizzes in Company
Browse Company
Top Contributed Quizzes in Miscellaneous
1
5-to-1: Fast Food
2
The JOE quick-fire general knowledge quiz: Day 174
3
The JOE quick-fire general knowledge quiz: Day 173
4
5-to-1: Cocktails
5
The JOE quick-fire general knowledge quiz: Day 172
6
Sunday Crossword: Famous Bodies of Water
7
9x9 Crossword: Disney Movie Titles
8
The JOE quick-fire general knowledge quiz: Day 171
9
Named After an Animal - Odd One Out!
10
One Thing in Common: United Kingdom II
Explore More
Trending Topics
Harry Potter
Marvel
Crossword
Disney
Kpop
NBA
Anime
Soccer
The Office
WWE
Pokémon
NFL
Country
Song
Puzzle
hide this ad
More By:
feelyjl07
Quiz
Plays
Rating
Category
Featured
Created
Molson Coors/MillerCoors brands
27
Miscellaneous
Aug 13, 2017
Go to Creator's Profile
Score Distribution
Quiz Creator Spotlight
feelyjl07
Follow
Send a Message
Quizzes Created
-
Created Quiz Play Count
-
More By This Creator
Popular Quizzes Today
1
Find the US States - No Outlines Minefield
2
Find the Countries of Europe - No Outlines Minefield
3
The Countries of the World
4
Find the US States
5
Risky Map Clicking: Biggest States A-Z
6
US States
7
Popular People in 1961
8
Movies - When Are They Set?
More Miscellaneous Quizzes
Food Sorting Gallery II
Published
Trending Quizzes
Risky Map Clicking: Least Populous States A-Z
1-10 Letter G Words
Risky Map Clicking: Next State Alphabetically
Adjectives in 80s TV Shows
The Seven Year Switch: Catherine
Recently Updated
Leaping Animals
pecheneg
Reality TV Shows (A-Z)
bhenderson79
Rickey Henderson's Hall of Fame Teammates
pecheneg
Champions League XIs: Arsenal
pecheneg
Quick Pick: Celebrities in WWE's Hall of Fame
aduchscher
A-Z Keypad Blitz II
pecheneg
Multiple Oscar Actors
pecheneg
Mystery Phrase Blitz: Oscar 'Best Actors'
pecheneg
F. Scott Fitzgerald Novels
LTH
Pick 3 Villains
ddd62291
Trending Topics
NBA
Disney
Crossword
Harry Potter
Marvel
Kpop
Anime
NFL
WWE
Puzzle
The Office
Song
Soccer
Pokémon
Country
Your Account Isn't Verified!
In order to create a playlist on Sporcle, you need to verify the email address you used during registration. Go to your
Sporcle Settings
to finish the process.
Report this User
Report this user for behavior that violates our
Community Guidelines
.
Details:
Send Report
Go to the Sporcle.com Mobile Site →
Comments